书目信息 |
| 题名: |
贾谊集
|
|
| 作者: | 贾谊 著 | |
| 分册: | ||
| 出版信息: | 上海 上海人民出版社 1976 |
|
| 页数: | 296页 | |
| 开本: | 19cm | |
| 丛书名: | ||
| 单 册: | ||
| 中图分类: | B234.21 | |
| 科图分类: | ||
| 主题词: | 古典哲学--中国--西汉时代 , 古典散文--注释--中国--西汉时代 , 赋--注释--中国--西汉时代 | |
| 电子资源: | ||
| ISBN: | ||
| 000 | 00659nam0 2200253 45 | |
| 001 | 0176000368 | |
| 005 | 20070731155749.29 | |
| 010 | @dCNY0.66 | |
| 091 | @a11171.145 | |
| 100 | @a19950722d1976 em y0chiy0121 ea | |
| 101 | 0 | @achi |
| 102 | @aCN@b310000 | |
| 105 | @ay z 000yy | |
| 200 | 10 | @a贾谊集@Ajia yi ji@f(汉)贾谊著 |
| 210 | @a上海@c上海人民出版社@d1976 | |
| 215 | @a296页@d19cm | |
| 606 | @a古典哲学@y中国@z西汉时代 | |
| 606 | @a古典散文@x注释@y中国@z西汉时代 | |
| 606 | @a赋@x注释@y中国@z西汉时代 | |
| 690 | @aB234.21@v3 | |
| 701 | 0 | @a贾谊@Ajia yi@4著 |
| 801 | 2 | @aCN@bNLC@c20070731 |
| 801 | 0 | @aCN@bTSSF |
| 905 | @a10447@dB234.21@e30 | |
| 贾谊集/(汉)贾谊著.-上海:上海人民出版社,1976 |
| 296页;19cm |
| ISBN :CNY0.66 |
| ● |
| 相关链接 |
|
|
|
|
正题名:贾谊集
索取号:B234.21/30
 
预约/预借
| 序号 | 登录号 | 条形码 | 馆藏地/架位号 | 状态 | 备注 |
| 1 | 0787033 | 207870339 | 第一样本阅览室/ [索取号:B234.21/30] | 在馆 |